Study on national housing political in cambodia , សិក្សាក្របខណ្ឌគោលនយោបាយជាតិស្ដីពីលំនៅឋាននៅកម្ពុជា (Record no. 5515)

000 -LEADER
fixed length control field 00605nam a22001337a 4500
040 ## - CATALOGING SOURCE
Transcribing agency RUA
082 ## - DEWEY DECIMAL CLASSIFICATION NUMBER
Classification number LMA VAT 2010 B302 Or.1
100 ## - MAIN ENTRY--AUTHOR NAME
Personal name VATH SERAY VATTANAK ; វ៉ាត សិរីវឌ្ឍនៈ
245 ## - TITLE STATEMENT
Title Study on national housing political in cambodia , សិក្សាក្របខណ្ឌគោលនយោបាយជាតិស្ដីពីលំនៅឋាននៅកម្ពុជា
260 ## - PUBLICATION, DISTRIBUTION, ETC. (IMPRINT)
Place of publication Pnhom Penh
Name of publisher RUA
Year of publication 2010
300 ## - PHYSICAL DESCRIPTION
Number of Pages ix ;59p.
Other physical details ill.
Dimensions 29cm.
856 ## - ELECTRONIC LOCATION AND ACCESS
Uniform Resource Identifier https://drive.google.com/file/d/1AEkTXvMSH5rRFR6npW2I3i88NBgjDv_Y/view?usp=sharing
942 ## - ADDED ENTRY ELEMENTS (KOHA)
Koha item type LMA
952 ## - LOCATION AND ITEM INFORMATION (KOHA)
Withdrawn status [LOCAL, KOHA] 0
952 ## - LOCATION AND ITEM INFORMATION (KOHA)
Withdrawn status [LOCAL, KOHA] 0
952 ## - LOCATION AND ITEM INFORMATION (KOHA)
Withdrawn status [LOCAL, KOHA] 0
952 ## - LOCATION AND ITEM INFORMATION (KOHA)
Withdrawn status [LOCAL, KOHA] 0
952 ## - LOCATION AND ITEM INFORMATION (KOHA)
Withdrawn status [LOCAL, KOHA] 0
952 ## - LOCATION AND ITEM INFORMATION (KOHA)
Withdrawn status [LOCAL, KOHA] 0
952 ## - LOCATION AND ITEM INFORMATION (KOHA)
Withdrawn status [LOCAL, KOHA] 0
952 ## - LOCATION AND ITEM INFORMATION (KOHA)
Withdrawn status [LOCAL, KOHA] 0
952 ## - LOCATION AND ITEM INFORMATION (KOHA)
Withdrawn status [LOCAL, KOHA] 0
952 ## - LOCATION AND ITEM INFORMATION (KOHA)
Withdrawn status [LOCAL, KOHA] 0
Holdings
Permanent Location Date acquired Koha item type Lost status Shelving location Barcode Current Location Full call number
Library Block B2016-01-02LMA B302RUA038624Library Block BLMA VAT 2010 B302 Or.1
Library Block B2016-01-02LMA B302RUA010392Library Block BLMA VAT 2010 B302 Or.2
Library Block B2016-01-02LMA B302RUA010393Library Block BLMA VAT 2010 B302 Or.3
Library Block B2016-01-02LMA B302RUA010346Library Block BLMA VAT 2010 B302 Or.4
Library Block B2016-01-02LMA B302RUA016508Library Block BLMA VAT 2010 B302 Or.5
Library Block B2016-01-02LMA B302RUA017004Library Block BLMA VAT 2010 B302 Or.6
Library Block B2016-01-02LMA B302RUA017353Library Block BLMA VAT 2010 B302 Or.7
Library Block B2016-01-02LMA B302RUA016586Library Block BLMA VAT 2010 B302 Or.8
Library Block B2016-01-02LMA B302RUA017259Library Block BLMA VAT 2010 B302 Or.9
Library Block B2016-01-05LMA B302RUA025899Library Block BLMA VAT 2010 B302 Or.10
មជ្ឈមណ្ឌលឯការនៃសាកលវិទ្យាល័យភូមិន្ទកសិកម្មចំការដូង

Powered by Koha